The tenancy deposit scheme (Record no. 79355)

MARC details
000 -LEADER
fixed length control field 01339cab a22002535a 4500
001 - CONTROL NUMBER
control field L140816
008 - FIXED-LENGTH DATA ELEMENTS--GENERAL INFORMATION
fixed length control field 071012s2007 xxk f 000 0 eng d
035 ## - SYSTEM CONTROL NUMBER
System control number (Sirsi) u140816
041 0# - LANGUAGE CODE
Language code of text/sound track or separate title eng
100 1# - MAIN ENTRY--PERSONAL NAME
Personal name Murrin, Alison
245 04 - TITLE STATEMENT
Title The tenancy deposit scheme
260 ## - PUBLICATION, DISTRIBUTION, ETC.
Date of publication, distribution, etc. 2007
490 ## - SERIES STATEMENT
Series statement Lovells Real Estate Quarterly
Volume/sequential designation September 2007, 6-8(3)
520 ## - SUMMARY, ETC.
Summary, etc. Describes the effects of the Tenancy Deposit Scheme (TDS) on commercial landlords when selling mixed use developments. It is necessary to consider this scheme in a commercial context whenever part of a unit is let on an assured shorthold basis. Deposits may need to be transferred to new owners within the scheme. The departing owner will want to seek assurance from the new landlord that it has protected these under one of the approved schemes. If the deposit is not protected under the TDS the previous landlord may still be liable for its return.
590 ## - LOCAL NOTE (RLIN)
Local note KA
650 24 - SUBJECT ADDED ENTRY--TOPICAL TERM
Topical term or geographic name entry element TENANCY DEPOSIT SCHEME (TDS)
650 24 - SUBJECT ADDED ENTRY--TOPICAL TERM
Topical term or geographic name entry element HOUSING ACT 2004
650 24 - SUBJECT ADDED ENTRY--TOPICAL TERM
Topical term or geographic name entry element HOUSING ACT 1988 S21
651 #4 - SUBJECT ADDED ENTRY--GEOGRAPHIC NAME
Geographic name United Kingdom
Chronological subdivision
690 ## - LOCAL SUBJECT ADDED ENTRY--TOPICAL TERM (OCLC, RLIN)
Topical term or geographic name as entry element PROPERTY-RESIDENTIAL PROPERTY-RESIDENTIAL LANDLORD AND TENANT-RESIDENTIAL TENANCIES-ASSURED TENANCIES
690 ## - LOCAL SUBJECT ADDED ENTRY--TOPICAL TERM (OCLC, RLIN)
Topical term or geographic name as entry element PROPERTY-COMMERCIAL PROPERTY-ACQUISITION AND DISPOSAL OF COMMERCIAL PROPERTY
700 1# - ADDED ENTRY--PERSONAL NAME
Personal name Dockeray, Jane
942 ## - ADDED ENTRY ELEMENTS (KOHA)
Suppress in OPAC 0
Holdings
Withdrawn status Lost status Source of classification or shelving scheme Damaged status Not for loan Home library Current library Shelving location Date acquired Total Checkouts Full call number Barcode Date last seen Copy number Price effective from Koha item type
    Dewey Decimal Classification     London London Journal article 12/10/2007   L140816 140816-1001 06/08/2019 1 06/08/2019 Journal article